El Ataque a la clase obrera
שמור ב:
| מחבר תאגידי: | |
|---|---|
| פורמט: | Texto |
| יצא לאור: |
Oakland, CA:
Synthesis Publications
|
| תגים: |
הוספת תג
אין תגיות, היה/י הראשונ/ה לתייג את הרשומה!
|
MARC
| LEADER | 00000 a a2200000 04500 | ||
|---|---|---|---|
| 001 | 18960 | ||
| 003 | |||
| 040 | |||
| 090 | |a 016500 | ||
| 110 | |a Obreros Rebeldes Organizados (estados Unidos) | ||
| 245 | |a El Ataque a la clase obrera | ||
| 260 | |a Oakland, CA: |b Synthesis Publications | ||
| 300 | |a 78 p. | ||
| 999 | |c 6670 |d 6670 | ||
